ACCA:F9- (Record no. 34945)

MARC details
000 -LEADER
fixed length control field 00435nam a22001577a 4500
005 - DATE AND TIME OF LATEST TRANSACTION
control field 20231221135346.0
008 - FIXED-LENGTH DATA ELEMENTS--GENERAL INFORMATION
fixed length control field 231221b |||||||| |||| 00| 0 eng d
020 ## - INTERNATIONAL STANDARD BOOK NUMBER
ISBN 978-1-4453-6217-5
082 ## - DEWEY DECIMAL CLASSIFICATION NUMBER
Classification number 658.1508
245 ## - TITLE STATEMENT
Title ACCA:F9-
Remainder of title Financial Management: Practice & Revision kit
260 ## - PUBLICATION, DISTRIBUTION, ETC.
Place of Publication Pakistan
Name of publisher, distributor, etc. BPP Learning Media
Date of publication, distribution, etc. 2013
300 ## - PHYSICAL DESCRIPTION
Pages 372
500 ## - GENERAL NOTE
General note Mock Examination given.
650 ## - SUBJECT ADDED ENTRY--TOPICAL TERM
Subject / Department Fnancial management
952 ## - LOCATION AND ITEM INFORMATION (KOHA)
-- 0
-- 0
952 ## - LOCATION AND ITEM INFORMATION (KOHA)
-- 0
-- 0
Holdings
Lost status Damaged status Collection code Permanent Location Current Location Shelving Location Date acquired Full Call Number Accession No./Barcode Date last seen Copy number item type Koha item type
    Management Superior Information Resource Center (SIRC) Superior University- Central Library Superior Information Resource Center (SIRC) Superior University- Central Library Finanacial Management 12/21/2023 658.1508 ACC 2013 29087 12/21/2023 1 BOOK BOOK
    Management Superior Information Resource Center (SIRC) Superior University- Central Library Superior Information Resource Center (SIRC) Superior University- Central Library Finanacial Management 12/21/2023 658.1508 ACC 2013 29088 12/21/2023 2 BOOK BOOK

Powered by Koha